Confessions / (Record no. 6533)
[ view plain ]
| 000 -LEADER | |
|---|---|
| fixed length control field | 00711cam a2200217 a 4500 |
| 001 - CONTROL NUMBER | |
| control field | 4521091 |
| 005 - DATE AND TIME OF LATEST TRANSACTION | |
| control field | 20250617102039.0 |
| 008 - FIXED-LENGTH DATA ELEMENTS--GENERAL INFORMATION | |
| fixed length control field | 990209s1999 tnu 000 0aeng |
| 020 ## - INTERNATIONAL STANDARD BOOK NUMBER | |
| International Standard Book Number | 0785242252 |
| 041 1# - LANGUAGE CODE | |
| Language code of text/sound track or separate title | eng |
| Language code of original | lat |
| 050 00 - LIBRARY OF CONGRESS CALL NUMBER | |
| Classification number | BR65.A6 |
| Item number | E5 1999 |
| 082 00 - DEWEY DECIMAL CLASSIFICATION NUMBER | |
| Classification number | 270.2/092 |
| -- | B |
| Edition information | 21 |
| 100 0# - MAIN ENTRY--PERSONAL NAME | |
| Personal name | Augustine, |
| Titles and words associated with a name | of Hippo, Saint, |
| Dates associated with a name | 354-430. |
| 245 10 - TITLE STATEMENT | |
| Title | Confessions / |
| Statement of responsibility, etc. | Saint Augustine. |
| 260 ## - PUBLICATION, DISTRIBUTION, ETC. | |
| Place of publication, distribution, etc. | Nashville, TN : |
| Name of publisher, distributor, etc. | T. Nelson, |
| Date of publication, distribution, etc. | c1999. |
| 300 ## - PHYSICAL DESCRIPTION | |
| Extent | xxvi, 357 p. ; |
| Dimensions | 24 cm. |
| 440 #0 - SERIES STATEMENT/ADDED ENTRY--TITLE | |
| Title | Nelson's royal classics |
| 650 #0 - SUBJECT ADDED ENTRY--TOPICAL TERM | |
| Topical term or geographic name entry element | Christian saints |
| Geographic subdivision | Algeria |
| -- | Hippo (Extinct city) |
| Form subdivision | Biography. |
| 856 42 - ELECTRONIC LOCATION AND ACCESS | |
| Materials specified | Publisher description |
| Uniform Resource Identifier | <a href="http://www.loc.gov/catdir/enhancements/fy0609/99018903-d.html">http://www.loc.gov/catdir/enhancements/fy0609/99018903-d.html</a> |
| 942 ## - ADDED ENTRY ELEMENTS (KOHA) | |
| Source of classification or shelving scheme | Library of Congress Classification |
| Koha item type | Books |
| Suppress in OPAC | No |
| 999 ## - | |
| -- | 6533 |
| -- | 6533 |
| Withdrawn status | Lost status | Source of classification or shelving scheme | Damaged status | Not for loan | Collection | Home library | Current library | Shelving location | Date acquired | Total checkouts | Full call number | Barcode | Date last seen | Copy number | Price effective from | Koha item type |
|---|---|---|---|---|---|---|---|---|---|---|---|---|---|---|---|---|
| Library of Congress Classification | Non-fiction | Undergraduate Library (Christ Temple) | Undergraduate Library (Christ Temple) | General stacks | 06/17/2025 | BR65 AUG | ulct00003376 | 06/17/2025 | 1 | 06/17/2025 | Books |